000 00661nam a2200241 i 4500
001 C2-0132906
003 PPAK
005 20180727123208.0
008 971029s1996 my a|||| ||||| | may d
020 _a9830780198
040 _aPPAK
_beng
_cPPAK
_erda
082 0 4 _a899.233
_223
090 0 0 _a899.233
_bAMR
_dK
100 0 _aAmran Abdullah,
_eauthor
245 1 0 _aWarisan semulajadi
264 1 _aPetaling Jaya, Selangor :
_bPustaka Murni ,
_c1996
300 _a33 pages :
_bcolour illustrations ;
_c21 cm
336 _2rdacontent
_atext
337 _2rdamedia
_aunmediated
338 _2rdacarrier
_avolume
650 1 0 _aMalay fiction
942 _ddc
_cB
999 _c41750
_d41750